| 000 | 00608nam a2200241 a 4500 | ||
|---|---|---|---|
| 003 | AR-BaBNM | ||
| 005 | 20251128204638.0 | ||
| 008 | 082120s2002 ||||||||||||||000 | spa|| | ||
| 020 | _a950-05-0519-8 | ||
| 040 | _cAR-BaBNM | ||
| 100 | 1 | _aGiménez Pastor, Marta | |
| 245 | 0 | 0 | _aCaramelos de amor y otras dulzuras |
| 260 |
_aBuenos Aires _bEdiciones Corregidor _c1988 |
||
| 300 | _a61 p. | ||
| 490 | 0 | _aJuvenil | |
| 650 | 4 | _aLITERATURA ARGENTINA | |
| 650 | 4 | _aLITERATURA INFANTIL | |
| 650 | 4 | _aHISTORIAS DE AMOR | |
| 650 | 4 | _aADOLESCENCIA | |
| 655 | _aLITERATURA | ||
| 942 | _cBK | ||
| 998 | _cisola | ||
| 999 |
_c8213 _d8213 |
||